Statistiques concernant Focus sur: Neville Londubat - Harry Potter

Cliquez ici pour prendre le quiz!

Statistiques générales

  • Ce quiz a été pris 960 fois
  • Le résultat moyen est 13 sur 16

Statistiques - réponses

Informations recherchéesRéponses% Correct
Ecole fréquentéePoudlard
99%
Maison fréquentéeGryffondor
98%
Statut du sangSang-Pur
98%
Première apparitionHarry Potter à l'école des sorciers
97%
Espèce de l'animal de compagnieCrapaud
95%
Couleur des cheveuxChâtain
94%
Profession (adulte)Auror/Professeur de botanique
90%
Nom de l'animal de compagnieTrevor
87%
Profession des parentsAuror
86%
MèreAlice Londubat
83%
Lieu de rencontre avec Harry PotterPoudlard Express
83%
PèreFranck Londubat
78%
Intérieur de la baguetteCrin de licorne
64%
EpouseHannah Abbot
54%
Acteur l'interprétant dans les filmsMatthew Lewis
49%
Bois de la baguetteCerisier
23%

Distribution des résultats

Percentile par nombre de réponses

% des personnes avec chaque résultat

Votre développement - résultats

Vous n’avez pas pris ce quiz